Histología. Texto y atlas. Correlación con biología celular y molecular.

Guardat en:
Dades bibliogràfiques
Autor principal: Pawlina, Wojciech (autor)
Format: Desconegut
Publicat: Philadelphia, PA, USA: Wolters Kluwer, 2024.
Edició:9.ª Edición.
Matèries:
Etiquetes: Afegir etiqueta
Sense etiquetes, Sigues el primer a etiquetar aquest registre!

MARC

LEADER 00000 a2200000 4500
003 CL-VaPUC
005 20250117103006.0
008 250107t2024 ||||| |||| 00| 0 eng d
999 |c 445803  |d 445801 
020 |a 9788419663924 
040 |c Pontificia Universidad Católica de Valparaíso 
082 7 |a 611.018 PAW 2024  |2 22 
100 |a Pawlina, Wojciech  |9 585025  |e autor 
245 |a Histología.  |b Texto y atlas. Correlación con biología celular y molecular. 
250 |a 9.ª Edición. 
260 |a Philadelphia, PA, USA:  |b Wolters Kluwer,   |c 2024. 
300 |a xvii, 1081 páginas :  |b  ilustraciones. 
583 |k GC  |c 20250107 
650 |a Histología   |v Atlas  |9 895101 
942 |2 ddc  |c BK 
952 |0 0  |1 0  |2 ddc  |4 0  |6 611_018000000000000_PAW_2024  |7 0  |8 A  |9 598853  |a BIBCUR  |b BIBCUR  |d 2025-01-06  |e 3  |g 108750.00  |i 5663797  |l 3  |o 611.018 PAW 2024  |p 5663797  |r 2025-04-25  |s 2025-04-24  |t 1  |v 108750.00  |w 2025-01-06  |y BK  |k KIN